Wutz Handbuch Vakuumtechnik

Na minha lista:
Detalhes bibliográficos
Outros Autores: Jousten, Karl (Editor)
Formato: Livro
Idioma:alemão
Publicado em: Wiesbaden : Vieweg + Teubner, 2010
Assuntos:
Tags: Adicionar Tag
Sem tags, seja o primeiro a adicionar uma tag!

MARC

LEADER 00000nam a22000003a 4500
001 stu217384
005 20150617230115.0
008 101125s2010----gw------------------ger-d
020 |a 978-3-8348-0695-6 
040 |a STU  |b slo 
041 0 |a ger 
044 |a gw 
080 |a 621.646  |7 stu_us_auth*stu6012 
100 1 |a Jousten, Karl  |4 edt 
245 1 |a Wutz Handbuch Vakuumtechnik 
260 |a Wiesbaden :  |b Vieweg + Teubner,  |c 2010 
300 |a 912 s 
650 7 |a vákuová technika  |2 stusub 
996 |b 284EK88538  |c E*88538  |l EE11  |s P  |a 0  |w stu217384_0001